Statistics for African Cup Of Nations 2015 teams

Click here to take the quiz!

General Stats

  • This quiz has been taken 207 times
  • The average score is 12 of 16

Answer Stats

Team% Correct
Algeria
95%
South Africa
92%
Ghana
91%
Ivory Coast
88%
Senegal
87%
DR Congo
86%
Cameroon
84%
Congo
82%
Tunisia
82%
Zambia
74%
Mali
71%
Guinea
68%
Gabon
65%
Burkina Faso
63%
Equatorial Guinea
52%
Cape Verde
42%

Score Distribution

Percentile by Number Answered

Percent of People with Each Score

Your Score History

You have not taken this quiz